01055nam a2200253 a 4500008004100000020002200041049000900063090001700072100003000089245019200119260009100311300001800402650003600420650004200456700003900498700001500537907003500552003000100587005001700588040000900605942002400614999001900638952014400657  a9090044086 (pbk.) aMAIN aQR189.5bBIB1 aBibliotheek, Koninklijke.10aMeningococcal LPS derived oligosaccharide-protein conjugate vaccines :bimmunochemical and immunological aspects /cKoninklijke Biblioththeek, Den Haag, Andreas Franciscus Maria Verheul. aBilthoven :bNational lnstitute of Public Health and Environmental Protection,c1991.  a159 p. :bill aMeningitisvBacterial vaccines. 1aMeningococcal vaccinesxdrug therapy. aVerheul, Andreas Franciscus Maria. aHaag, Den. a.b10327952b19-11-13c27-02-1320230120204120.0 cNUST cBOOKSkQR189.5mBIB c117372d117372 r2023-01-20 00:00:00l0oQR189.5 BIBp92004032977v80.00w2023-01-20yBOOKS102LCC40708NFIC00aMedicalbMedicalcGENd2023-01-20g80.00